GETS Theological Seminary Library

十八世纪中国社会 (Record no. 21845)

MARC details
000 -LEADER
fixed length control field 01008nam a2200289Ia 4500
003 - CONTROL NUMBER IDENTIFIER
control field OSt
005 - DATE AND TIME OF LATEST TRANSACTION
control field 20210106151402.0
008 - FIXED-LENGTH DATA ELEMENTS--GENERAL INFORMATION
fixed length control field 200826s9999||||xx |||||||||||||| ||und||
020 ## - INTERNATIONAL STANDARD BOOK NUMBER
International Standard Book Number 7214057085
020 ## - INTERNATIONAL STANDARD BOOK NUMBER
International Standard Book Number 9787214057082
040 ## - CATALOGING SOURCE
Transcribing agency GETS
041 ## - LANGUAGE CODE
Language code of text/sound track or separate title chi
Language code of original eng
050 ## - LIBRARY OF CONGRESS CALL NUMBER
Classification number DS754
Item number .N413 2009 
100 ## - MAIN ENTRY--PERSONAL NAME
Personal name Naquin, Susan
245 #0 - TITLE STATEMENT
Title 十八世纪中国社会
Remainder of title = Chinese society in the eighteenth century /
Statement of responsibility, etc. 韩书瑞 (Susan Naquin), 罗友枝 (Evelyn Rawski) 著; 陈仲丹译
246 ## - VARYING FORM OF TITLE
Title proper/short title 十八世紀中國社會
Remainder of title = Chinese society in the eighteenth century /
260 ## - PUBLICATION, DISTRIBUTION, ETC.
Place of publication, distribution, etc. 南京 :
Name of publisher, distributor, etc. 江苏人民出版社,
Date of publication, distribution, etc. c2009
300 ## - PHYSICAL DESCRIPTION
Extent 2, 4, 2, 5, 249 p. :
Other physical details ill. ;
Dimensions 23 cm.
490 ## - SERIES STATEMENT
Series statement 海外中国研究丛书
500 ## - GENERAL NOTE
General note Translation of: Chinese society in the eighteenth century.
650 ## - SUBJECT ADDED ENTRY--TOPICAL TERM
Topical term or geographic name entry element China--History--Qing dynasty, 1644-1912. 
650 ## - SUBJECT ADDED ENTRY--TOPICAL TERM
Topical term or geographic name entry element Social history--18th century. 
700 ## - ADDED ENTRY--PERSONAL NAME
Personal name 罗友枝
700 ## - ADDED ENTRY--PERSONAL NAME
Personal name 陈仲丹
700 ## - ADDED ENTRY--PERSONAL NAME
Personal name 韩书瑞
942 ## - ADDED ENTRY ELEMENTS (KOHA)
Koha item type Chinese Book
Holdings
Withdrawn status Lost status Source of classification or shelving scheme Damaged status Not for loan Home library Current library Shelving location Date acquired Total Checkouts Full call number Barcode Date last seen Price effective from Koha item type Copy number
    Library of Congress Classification     GETS Theological Seminary Library GETS Theological Seminary Library General Stacks 08/26/2020   DS754 .N413 2009  00009501 08/26/2020 08/26/2020 Chinese Book  
    Library of Congress Classification     GETS Theological Seminary Library GETS Theological Seminary Library General Stacks 12/21/2020   DS754 .N413 2018 00023327 12/21/2020 12/21/2020 Chinese Book c. 2
OpacCredits

Contact the Librarian, GETS Library
Email: library@mygets.org









Implemented by GETS Library
(Powered by ETCA Professional Group)
GETS Theological Seminary
412 E. Rowland Street, CA 91723